Statistiques concernant Cartes populaire de YuGiOh saison 1

Cliquez ici pour prendre le quiz!

Statistiques générales

  • Ce quiz a été pris 558 fois
  • Le résultat moyen est 9 sur 30

Statistiques - réponses

HintRéponseHint% Correct
01DBAYB3000/2500
99%
02Magicien Sombre2500/2100
96%
11DNAYR2400/2000
79%
15EXODIA9999/9999
69%
04KURIBOH0300/0200
61%
03Crane Invoqué2500/1200
56%
13GAIA Chevalier Noir2300/2100
45%
06Gardien Celte1400/1200
43%
16Elfe Mystique0800/2000
38%
18Magicien du Temps0500/0200
36%
09Dame Harpie1300/1400
34%
12Malédiction du D2000/1500
33%
19Bébé Dragon1200/0700
28%
10Dragon Ailé de Fort0800/1200
26%
30Mur du Labyrinthe0000/3000
21%
07Lutin Sauvage1300/1200
18%
05Chevalier Flamb1800/1500
15%
14Castor Guerrier1200/1500
12%
08Tortue Catapulte1000/2000
9%
21Mage Noir du Chaos2800/2600
7%
22Cocon d'Evolution0000/2000
5%
29Dragon de Dame H2100/2550
5%
26Ryu-Kishin1000/0500
5%
24Dragon Koumori1500/1200
3%
17Giltia Chevalier Noir1850/1700
3%
27Griffore1200/1500
2%
28Uraby1500/0800
2%
25Illusioniste sans V1200/2200
1%
20Saggy le Clown0800/1500
1%
23Soeur Harpies1950/2150
1%

Distribution des résultats

Percentile par nombre de réponses

% des personnes avec chaque résultat

Votre développement - résultats

Vous n’avez pas pris ce quiz